República Dominicana : (Registro nro. 8077)

Detalles MARC
000 -LIDER
fixed length control field 01634nam a2200433 a 4500
001 - NÚMERO DE CONTROL
Identificador de número de control 000042959
003 - IDENTIFICACDOR DE NÚMERO DE CONTROL
control field DO-SdBNP
005 - DATE AND TIME OF LATEST TRANSACTION
control field 20220706120507.0
007 - CAMPOS FIJOS DE DESCRIPCIÓN FÍSICA
fixed length control field 000042959
008 - ELEMENTOS DE LONGITUD FIJA
fixed length control field 140213s2013 dr cf 000 0 spa d
020 ## - ISBN
International Standard Book Number 9789945883022
040 ## - FUENTE DE CATALOGACIÓN
Agencia que crea de manera original el registro BPMSU
Idioma de catalogación spa
Agencia que realiza la transcripción BPMSU
082 ## - NÚMERO DE CLASIFICACIÓN DECIMAL DE DEWEY
Classification number 306.087293
Item number A473r 2013
Edition number 22
100 1# - ASIENTO PRINCIPAL -- NOMBRE PERSONAL
Nombre personal Álvarez, Soledad
245 10 - MENCIÓN DE TITULO
Título República Dominicana :
Subtítulo paisaje, cultura /
Mención de responsabilidad Soledad Álvarez; fotografías José Antonio Arias, Pedro J. Borrell, Ulises Borrell, Ricardo Briones, Juan de los Santos, Eladio Fernández, Mary Rosa Jiménez, Jesús Rodríguez.
260 ## - PUBLICACIÓN, DISTRIBUCIÓN, ETC. (PIE DE IMPRENTA)
Lugar de publicación, distribución, etc Santo Domingo, :
Nombre del editor, distribuidor, etc. ODEBRECHT,
Fecha de publicación, distribución, etc 2013.
300 ## - DESCRIPCIÓN FÍSICA
Extensión 288 P. :
Otros detalles físicos retrs., lam. ;
Dimensiones 25 cm.
500 ## - NOTA GENERAL
Nota general Incluye datos biografícos de los autores
500 ## - NOTA GENERAL
Nota general Incluye índice fotográfico
504 ## - NOTA DE BIBLIOGRAFÍA, ETC.
Bibliography, etc Bibliografía p: 281-282
650 #4 - ENCABEZAMIENTO DE MATERIA--TEMÁTICO
Término temático o nombre geográfico como elemento de entrada Identidad cultural
Subdivisión geográfica República Dominicana
Subdivisión temática general Características nacionales
650 #4 - ENCABEZAMIENTO DE MATERIA--TEMÁTICO
Término temático o nombre geográfico como elemento de entrada Antropología cultural
Subdivisión geográfica República Dominicana.
650 #4 - ENCABEZAMIENTO DE MATERIA--TEMÁTICO
Término temático o nombre geográfico como elemento de entrada Paisajes
650 #4 - ENCABEZAMIENTO DE MATERIA--TEMÁTICO
Término temático o nombre geográfico como elemento de entrada Gastronomía
Subdivisión geográfica
650 #4 - ENCABEZAMIENTO DE MATERIA--TEMÁTICO
Término temático o nombre geográfico como elemento de entrada Folclor
Subdivisión geográfica República Dominicana.
651 #4 - ENCABEZAMIENTO DE MATERIA--NOMBRE GEOGRÁFICO
Nombre geográfico República Dominicana
Subdivisión temática general Vida social y costumbres
651 #4 - ENCABEZAMIENTO DE MATERIA--NOMBRE GEOGRÁFICO
Nombre geográfico República Dominicana
Subdivisión de forma Fotografías
Subdivisión geográfica
651 #4 - ENCABEZAMIENTO DE MATERIA--NOMBRE GEOGRÁFICO
Nombre geográfico República Dominicana
Subdivisión temática general Historia
700 1# - ASIENTO SECUNDARIO -- NOMBRE PERSONAL
Nombre personal Arias, José Antonio
Mención de responsabilidad fot.
700 1# - ASIENTO SECUNDARIO -- NOMBRE PERSONAL
Nombre personal Borrell, Pedro J.
Mención de responsabilidad fot.
700 1# - ASIENTO SECUNDARIO -- NOMBRE PERSONAL
Nombre personal Borrell, Ulises
Mención de responsabilidad fot
700 1# - ASIENTO SECUNDARIO -- NOMBRE PERSONAL
Nombre personal Briones, Ricardo
Mención de responsabilidad fot.
700 1# - ASIENTO SECUNDARIO -- NOMBRE PERSONAL
Nombre personal De los Santos, Juan
Mención de responsabilidad fot.
700 1# - ASIENTO SECUNDARIO -- NOMBRE PERSONAL
Nombre personal Fernández, Eladio
Mención de responsabilidad fot.
700 1# - ASIENTO SECUNDARIO -- NOMBRE PERSONAL
Nombre personal Jiménez, Mary Rosa
Mención de responsabilidad fot.
700 1# - ASIENTO SECUNDARIO -- NOMBRE PERSONAL
Nombre personal Rodríguez, Jesús
Mención de responsabilidad fot.
910 ## - VALIDACIÓN
Validación VMateo V.
942 ## - ADDED ENTRY ELEMENTS (KOHA)
Source of classification or shelving scheme Dewey Decimal Classification
Koha item type Libros
Existencias
Withdrawn status Lost status Source of classification or shelving scheme Damaged status Not for loan Collection code Home library Current library Date acquired Source of acquisition Full call number Barcode Date last seen Price effective from Koha item type Copy number
    Dewey Decimal Classification     Colección Dominicana Biblioteca Pública Metropolitana Salomé Ureña Biblioteca Pública Metropolitana Salomé Ureña 08/05/2015 ODEBRECHT BPMSU CD 306.087293 A473r 2013 BPMSU15080071 08/05/2015 08/05/2015 Libros  
    Dewey Decimal Classification     Colección Dominicana Biblioteca Pública Metropolitana Salomé Ureña Biblioteca Pública Metropolitana Salomé Ureña 08/05/2015 ODEBRECHT BPMSU CD 306.087293 A473r 2013 BPMSU15080072 08/05/2015 08/05/2015 Libros e.2
    Dewey Decimal Classification       Biblioteca Pública Metropolitana Salomé Ureña Biblioteca Pública Metropolitana Salomé Ureña 08/05/2015 ODEBRECHT BPMSU CD 306.087293 A473r 2013 BPMSU15080073 08/05/2015 08/05/2015 Libros e.3